| 000 | 01116nam a2200325 i 4500 | ||
|---|---|---|---|
| 001 | 000021833 | ||
| 003 | DO-SdBNP | ||
| 005 | 20260211143536.0 | ||
| 007 | ta | ||
| 008 | 100913s1977 dr 001 0 spa d | ||
| 040 |
_aDO-SdBNP _bspa _cBNPHU _erda |
||
| 082 | 4 |
_a972.93 _bG463n 1977 _222 |
|
| 100 | 1 |
_aGil Díaz, Oscar, _d1944- _945341 _eautor _4aut. |
|
| 245 | 1 | 0 |
_aNaturaleza histórica de la sociedad / _cOscar Gil Díaz. |
| 260 |
_aSanto Domingo : _bCosmos, _c1977. |
||
| 264 |
_aSanto Domingo : _bEditora Cosmos, _c1977. |
||
| 300 |
_avolumenes ; _c20 cm. |
||
| 336 |
_atexto _btxt _2rdacontent |
||
| 337 |
_asin mediación _bn _2rdamedia |
||
| 338 |
_avolumen _bnc _2rdacarrier |
||
| 500 | _aIncluye datos biográficos del autor en la contracubierta. | ||
| 500 | _aLa biblioteca posee el v. 2 | ||
| 504 | _aBibliografía : páginas 327-343. | ||
| 590 | _aInventariado, 2024/BT | ||
| 650 | 4 |
_aSociología histórica _910967 |
|
| 651 | 4 |
_aRepública Dominicana _xHistoria _9170 |
|
| 651 | 4 |
_aRepública Dominicana _xHistoriografía _91457 |
|
| 910 | _aValidado. Control de calidad EMS. | ||
| 942 |
_2ddc _cLBS1 |
||
| 999 |
_c21331 _d21331 |
||